Central Library OPAC University of Rajshahi

Elements of calculus and analytic geometry / (Record no. 51221)

MARC details
000 -LEADER
fixed length control field 00664nam a2200217 a 4500
001 - CONTROL NUMBER
control field 51221
003 - CONTROL NUMBER IDENTIFIER
rucl marc code BD-RjUL
005 - DATE AND TIME OF LATEST TRANSACTION
control field 20211209075627.0
008 - FIXED-LENGTH DATA ELEMENTS--GENERAL INFORMATION
fixed length control field 160830r19621959maua 000 0 eng
035 ## - SYSTEM CONTROL NUMBER
System control number (BD-RjUL)51341
040 ## - CATALOGING SOURCE
Original cataloging agency DLC
Transcribing agency CarP
Modifying agency DLC
-- BD-RjUL
Language of cataloging eng
041 ## - LANGUAGE CODE
Language code of text/sound track or separate title eng
082 ## - DEWEY DECIMAL CLASSIFICATION NUMBER
Edition number 23
Classification number 515
Author mark and year THE 1962
100 1# - MAIN ENTRY--PERSONAL NAME
Personal name Thomas, George B.,
Fuller form of name (George Brinton),
Dates associated with a name 1914-2006.
9 (RLIN) 146961
245 10 - TITLE STATEMENT
Title Elements of calculus and analytic geometry /
Statement of responsibility, etc. George B. Thomas
260 ## - PUBLICATION, DISTRIBUTION, ETC. (IMPRINT)
Place of publication, distribution, etc. Reading, Mass :
Name of publisher, distributor, etc. Addison-Wesley Pub. Co.,
Date of publication, distribution, etc. 1959 [printing 1962]
300 ## - PHYSICAL DESCRIPTION
Pagination 580 p. :
Illustrations ill. ;
Size 24 cm.
650 #0 - SUBJECT ADDED ENTRY--TOPICAL TERM
Topical term or geographic name as entry element Calculus.
9 (RLIN) 153240
942 ## - ADDED ENTRY ELEMENTS (KOHA)
Source of classification or shelving scheme Dewey Decimal Classification
Koha item type Books
Holdings
Lost status Source of classification or shelving scheme Damaged status Not for loan Collection code Permanent Location Current Location Shelving location Date acquired Source of acquisition Total Checkouts Full call number Date last seen Copy number Koha item type Cost, normal purchase price
  Dewey Decimal Classification     Non-fiction Central Library, University of Rajshahi Central Library, University of Rajshahi   14/03/1974 Canada Govt. Gift   515 THE 1962 30/08/2016 C-2 Books  
  Dewey Decimal Classification     Non-fiction Central Library, University of Rajshahi Central Library, University of Rajshahi   14/03/1974 Canada Govt. Gift   515 THE 1962 30/08/2016 C-3 Books  
  Dewey Decimal Classification     Non-fiction Central Library, University of Rajshahi Central Library, University of Rajshahi   14/03/1974 Canada Govt. Gift   515 THE 1962 30/08/2016 C-4 Books  
  Dewey Decimal Classification     Non-fiction Central Library, University of Rajshahi Central Library, University of Rajshahi   14/03/1974 Canada Govt. Gift   515 THE 1962 30/08/2016 C-5 Books  
  Dewey Decimal Classification     Non-fiction Central Library, University of Rajshahi Central Library, University of Rajshahi   14/03/1974 Canada Govt. Gift   515 THE 1962 30/08/2016 C-6 Books  
  Dewey Decimal Classification     Non-fiction Central Library, University of Rajshahi Central Library, University of Rajshahi   28/01/1963 Zeithlinger   515 THE 1959 30/08/2016 C-7 Books 57.00